Bienvenue au Catalogue en Ligne des Bibliothèques de l'Universite du Burundi

Etude des effets de l'occupation anarchique des sols sur la disponibilité des terres agricoles (Record no. 53683)

000 -GUIDE
Champ de contrôle de longueur fixe 01021nam a22002417a 4500
003 - IDENTITÉ DU NUMÉRO DE CONTRÔLE
Champ de contrôle BI-BuBU
008 - ÉLÉMENTS DE LONGUEUR FIXE - RENSEIGNEMENTS GÉNÉRAUX
Champ de contrôle de longueur fixe 260330b2024 bd ||||fr|||| 000 0 fre d
037 ## - SOURCE D'ACQUISITION
Source d'acquisition et du numéro d'inventaire Don de l'auteur
039 ## - NIVEAU DE CONTRÔLE BIBLIOGRAPHIQUE ET HISTORIQUE D'ENCODAGE [OBSOLETE]
Date creation 20260330112706.0
Nom catalographe Godeberthe Nsengimana
Date modification 20260330112706.0
040 ## - SOURCE DU CATALOGAGE
Organisme qui a effectué le catalogage original BI-BuBU
Code de la langue utilisée dans le catalogage fre0
Organisme qui a effectué la transcription BI-BuBU
Organisme qui a effectué la modification BI-BuBU
041 #0 - CODE DE LANGUE
Code de langue du texte/de la piste sonore ou du titre distinct fre
080 ## - INDICE DE LA CLASSIFICATION DÉCIMALE UNIVERSELLE (CDU)
Indice de la Classification décimale universelle 631.4
100 1# - VEDETTE PRINCIPALE - NOM DE PERSONNE
Code de relation aut.
Nom de personne Hakizimana, Pierre
245 10 - MENTION DU TITRE
Titre Etude des effets de l'occupation anarchique des sols sur la disponibilité des terres agricoles
Reste du titre cas des provinces Bubanza, Bujumbura Mairie et Bujumbura rural
260 ## - PUBLICATION, DIFFUSION, ETC. (ADRESSE BIBLIOGRAPHIQUE)
Lieu de publication, diffusion, etc. Bujumbura
Nom de l'éditeur, diffuseur, etc. Université du Burundi, Faculté des sciences de l'Ingénieur
Date of publication, distribution, etc 2024
300 ## - DESCRIPTION MATÉRIELLE
Collation XII-81 f.
Dimensions 30 cm.
502 ## - NOTE DE THÈSE OU MÉMOIRE
Liaison Mémoire présenté , Master en génie Civil, Aménagement et maîtrise des projets
650 #7 - VEDETTE-MATIÈRE - NOM COMMUN
Source du terme BI-BuBU
Vedette de sujet ou vedette comportant un nom géographique Sol
Subdivision générale Occupation anarchique.
Subdivision géographique Bujumbura
655 #7 - TERME D'INDEXATION - GENRE OU FORME
Source du terme BI-BuBU
Données ou terme dominant sur le genre ou la forme Mémoire
700 1# - VEDETTE SECONDAIRE - NOM DE PERSONNE
Code de relation dir.
Nom d'auteur Kubwarugira, Gamaliel
710 ## - VEDETTE SECONDAIRE - NOM DE COLLECTIVITÉ
Code de relation aut.
Nom de la collectivité ou nom de lieu comme élément de classement Université du Burundi
Collectivité subordonnée Faculté des sciences de l'Ingénieur
942 ## - ÉLÉMENTS D'ENTRÉE ADDITIONNELLE (KOHA)
Source de la classification ou du système de rangement
Type d item koha Memoire
Holdings
Statut de retrait Statut de perte Source de la classification ou du système de rangement Statut de déterioration Exclu du prêt Numéro d item Koha Localisation permanente Localisation actuelle Date d'acquisition Source d'acquisition Nombre de prêts Cote Code-barres Date last seen Numéro d'exemplaire Prix en vigueur à partir du Type d item koha Numero d'inventaire
        Not For Loan 85520 Bibliothèque Centrale Bibliothèque Centrale 30/03/2026 Don de l'auteur   R.631.4 HAK.2024 5010000328429 30/03/2026 1 30/03/2026 Memoire 242159
© 2019-2026 - Bibliothèques de l'Université du Burundi |Tous droits réservés
home | Pour toute information urgente Contactez nous | tel whatsupp: +25779204313